Musiques de Fantasia - Statistiques

Statistiques générales
  • Ce quiz a été pris 17 fois
  • Le résultat moyen est 4 sur 9
Statistiques - réponses
Illustrations Musique classique % Correct
3 Combat contre les balais L'Apprenti sorcier
82%
7.5 Triomphe de l'espoir et de la vie Ave maria
64%
2 Les Quatre saisons Casse-noisette
55%
5 mythologies grecques La Symphonie pastorale
45%
4 Le début de la terre Le Sacre du printemps
45%
7 La montagne devient Chernabog Une nuit sur le mont Chauve
45%
1 Ciel et formes géométrique Toccata et Fugue en ré mineur
36%
6 Ballet des animaux La Danse des heures
27%
Pause Les instruments de musique en image À la découverte de la Piste sonore.
0%
Aucun quiz correspondant
Distribution des résultats
% des personnes avec chaque résultat
Percentile par nombre de réponses
Votre historique - résultats
Vous n’avez pas pris ce quiz